[Event "Amsterdam Science Park 2023"]
[Site "Science Park, Amsterdam, Netherlands"]
[Date "2023.07.18"]
[Round "4.6"]
[White "De Winter, Arthur"]
[Black "Finkenflugel, Renzo"]
[Result "1-0"]
[WhiteElo "2378"]
[BlackElo "2082"]

1. e4 {[%clk 01:28:27]} {[%emt 00:02:33]} e5 {[%clk 01:30:50]} {[%emt
00:00:11]} 2. Nf3 {[%clk 01:28:37]} {[%emt 00:00:20]} Nc6 {[%clk 01:31:10]}
{[%emt 00:00:10]} 3. Bb5 {[%clk 01:29:02]} {[%emt 00:00:05]} a6 {[%clk
01:31:08]} {[%emt 00:00:33]} 4. Ba4 {[%clk 01:29:28]} {[%emt 00:00:03]} d6
{[%clk 01:31:26]} {[%emt 00:00:12]} 5. c3 {[%clk 01:27:34]} {[%emt 00:02:25]}
f5 {[%clk 01:31:06]} {[%emt 00:00:50]} 6. exf5 {[%clk 01:16:07]} {[%emt
00:11:57]} Bxf5 {[%clk 01:31:22]} {[%emt 00:00:13]} 7. O-O {[%clk 01:15:05]}
{[%emt 00:01:33]} Bd3 {[%clk 01:31:15]} {[%emt 00:00:37]} 8. Re1 {[%clk
01:14:29]} {[%emt 00:01:04]} Be7 {[%clk 01:31:17]} {[%emt 00:00:28]} 9. Bc2
{[%clk 01:01:10]} {[%emt 00:13:50]} Bxc2 {[%clk 01:31:27]} {[%emt 00:00:21]} 10.
Qxc2 {[%clk 01:01:38]} {[%emt 00:00:02]} Nf6 {[%clk 01:31:32]} {[%emt
00:00:24]} 11. d4 {[%clk 00:59:40]} {[%emt 00:02:29]} e4 {[%clk 01:31:45]}
{[%emt 00:00:16]} 12. Nfd2 {[%clk 00:53:11]} {[%emt 00:07:00]} d5 {[%clk
01:30:56]} {[%emt 00:01:19]} 13. f3 {[%clk 00:53:31]} {[%emt 00:00:10]} exf3
{[%clk 01:28:13]} {[%emt 00:03:12]} 14. Nxf3 {[%clk 00:53:59]} {[%emt
00:00:03]} O-O {[%clk 01:26:26]} {[%emt 00:02:16]} 15. Bg5 {[%clk 00:54:11]}
{[%emt 00:00:18]} Qd7 {[%clk 01:17:06]} {[%emt 00:09:51]} 16. Nbd2 {[%clk
00:54:11]} {[%emt 00:00:30]} Rae8 {[%clk 01:16:51]} {[%emt 00:00:45]} 17. Nf1
{[%clk 00:44:06]} {[%emt 00:10:36]} Ne4 {[%clk 01:08:00]} {[%emt 00:09:20]} 18.
Bxe7 {[%clk 00:43:43]} {[%emt 00:00:54]} Rxe7 {[%clk 01:08:12]} {[%emt
00:00:18]} 19. Ne3 {[%clk 00:43:40]} {[%emt 00:00:33]} Rfe8 {[%clk 01:03:56]}
{[%emt 00:04:45]} 20. Re2 {[%clk 00:36:25]} {[%emt 00:07:46]} Kh8 {[%clk
00:56:47]} {[%emt 00:07:38]} 21. Rae1 {[%clk 00:33:34]} {[%emt 00:03:21]} Nf6
{[%clk 00:45:13]} {[%emt 00:12:04]} 22. a4 {[%clk 00:25:54]} {[%emt 00:08:11]}
a5 {[%clk 00:32:04]} {[%emt 00:13:39]} 23. h3 {[%clk 00:21:11]} {[%emt
00:05:13]} g6 {[%clk 00:25:43]} {[%emt 00:06:51]} 24. Qd3 {[%clk 00:18:08]}
{[%emt 00:03:33]} Qd6 {[%clk 00:21:12]} {[%emt 00:05:00]} 25. Qb5 {[%clk
00:14:53]} {[%emt 00:03:45]} Nh5 {[%clk 00:19:45]} {[%emt 00:01:57]} 26. Ng4
{[%clk 00:14:35]} {[%emt 00:00:48]} Nf4 {[%clk 00:15:06]} {[%emt 00:05:10]} 27.
Rxe7 {[%clk 00:14:04]} {[%emt 00:01:02]} Rxe7 {[%clk 00:13:46]} {[%emt
00:01:50]} 28. Rxe7 {[%clk 00:13:55]} {[%emt 00:00:39]} Qxe7 {[%clk 00:05:58]}
{[%emt 00:08:18]} 29. Qxb7 {[%clk 00:14:07]} {[%emt 00:00:18]} Qe2 {[%clk
00:03:54]} {[%emt 00:02:33]} 30. Qc8+ {[%clk 00:14:27]} {[%emt 00:00:10]} 1-0

[Event "Amsterdam Science Park 2023"]
[Site "Science Park, Amsterdam, Netherlands"]
[Date "2023.07.18"]
[Round "4.7"]
[White "Van Zutphen, Jimmy"]
[Black "Abdulla, Murad"]
[Result "0-1"]
[WhiteElo "2067"]
[BlackElo "2307"]

1. d4 {[%clk 01:29:56]} {[%emt 00:01:04]} Nf6 {[%clk 01:29:29]} {[%emt
00:01:31]} 2. Bf4 {[%clk 01:28:02]} {[%emt 00:02:23]} g6 {[%clk 01:29:42]}
{[%emt 00:00:17]} 3. e3 {[%clk 01:27:48]} {[%emt 00:00:44]} Bg7 {[%clk
01:29:57]} {[%emt 00:00:15]} 4. h3 {[%clk 01:27:00]} {[%emt 00:01:18]} O-O
{[%clk 01:30:16]} {[%emt 00:00:10]} 5. Nf3 {[%clk 01:27:23]} {[%emt 00:00:08]}
c5 {[%clk 01:30:37]} {[%emt 00:00:10]} 6. c3 {[%clk 01:27:16]} {[%emt
00:00:37]} b6 {[%clk 01:30:58]} {[%emt 00:00:09]} 7. Nbd2 {[%clk 01:25:51]}
{[%emt 00:01:54]} Bb7 {[%clk 01:30:55]} {[%emt 00:00:34]} 8. Be2 {[%clk
01:24:42]} {[%emt 00:01:38]} d6 {[%clk 01:31:09]} {[%emt 00:00:16]} 9. O-O
{[%clk 01:24:25]} {[%emt 00:00:47]} Nbd7 {[%clk 01:31:33]} {[%emt 00:00:07]} 10.
Bh2 {[%clk 01:22:01]} {[%emt 00:02:54]} Qc7 {[%clk 01:31:37]} {[%emt 00:00:27]}
11. Qc2 {[%clk 01:20:20]} {[%emt 00:02:10]} a6 {[%clk 01:28:07]} {[%emt
00:04:00]} 12. Rad1 {[%clk 01:16:14]} {[%emt 00:04:36]} b5 {[%clk 01:21:18]}
{[%emt 00:07:20]} 13. dxc5 {[%clk 01:10:39]} {[%emt 00:06:04]} Nxc5 {[%clk
01:16:44]} {[%emt 00:05:04]} 14. Ne1 {[%clk 01:01:08]} {[%emt 00:10:00]} e5
{[%clk 01:12:54]} {[%emt 00:04:20]} 15. Bf3 {[%clk 00:50:15]} {[%emt 00:11:23]}
d5 {[%clk 01:10:46]} {[%emt 00:02:38]} 16. Nd3 {[%clk 00:45:08]} {[%emt
00:05:36]} Ncd7 {[%clk 01:02:57]} {[%emt 00:08:20]} 17. Qb3 {[%clk 00:41:44]}
{[%emt 00:03:54]} Ne4 {[%clk 00:59:49]} {[%emt 00:03:37]} 18. Nb4 {[%clk
00:37:13]} {[%emt 00:05:02]} Ndc5 {[%clk 00:44:36]} {[%emt 00:15:43]} 19. Qc2
{[%clk 00:31:36]} {[%emt 00:06:07]} f5 {[%clk 00:41:52]} {[%emt 00:03:14]} 20.
Nb3 {[%clk 00:27:07]} {[%emt 00:04:58]} Rfd8 {[%clk 00:38:04]} {[%emt
00:04:19]} 21. Nxc5 {[%clk 00:21:35]} {[%emt 00:06:03]} Qxc5 {[%clk 00:38:29]}
{[%emt 00:00:05]} 22. Nd3 {[%clk 00:19:43]} {[%emt 00:02:21]} Qe7 {[%clk
00:38:54]} {[%emt 00:00:05]} 23. Qb3 {[%clk 00:18:32]} {[%emt 00:01:42]} Kh8
{[%clk 00:38:22]} {[%emt 00:01:03]} 24. Qb4 {[%clk 00:16:55]} {[%emt 00:02:07]}
Qc7 {[%clk 00:31:28]} {[%emt 00:07:24]} 25. Bxe4 {[%clk 00:11:04]} {[%emt
00:06:21]} fxe4 {[%clk 00:29:26]} {[%emt 00:02:31]} 26. Qc5 {[%clk 00:08:37]}
{[%emt 00:02:57]} Qb8 {[%clk 00:29:52]} {[%emt 00:00:04]} 27. Nb4 {[%clk
00:07:46]} {[%emt 00:01:22]} Qd6 {[%clk 00:29:19]} {[%emt 00:01:03]} 28. Qxd6
{[%clk 00:07:12]} {[%emt 00:01:03]} Rxd6 {[%clk 00:29:46]} {[%emt 00:00:04]} 29.
Rd2 {[%clk 00:07:04]} {[%emt 00:00:38]} a5 {[%clk 00:30:05]} {[%emt 00:00:11]}
30. Nc2 {[%clk 00:07:22]} {[%emt 00:00:11]} Kg8 {[%clk 00:30:02]} {[%emt
00:00:33]} 31. Rfd1 {[%clk 00:06:49]} {[%emt 00:01:02]} Kf7 {[%clk 00:30:07]}
{[%emt 00:00:26]} 32. Na3 {[%clk 00:04:35]} {[%emt 00:02:44]} Rb6 {[%clk
00:26:16]} {[%emt 00:04:21]} 33. Nc2 {[%clk 00:03:06]} {[%emt 00:01:59]} Ke6
{[%clk 00:26:22]} {[%emt 00:00:24]} 34. a3 {[%clk 00:02:49]} {[%emt 00:00:47]}
Bf8 {[%clk 00:26:25]} {[%emt 00:00:26]} 35. f4 {[%clk 00:02:03]} {[%emt
00:01:15]} exf3 {[%clk 00:24:40]} {[%emt 00:02:16]} 36. gxf3 {[%clk 00:02:22]}
{[%emt 00:00:11]} g5 {[%clk 00:24:20]} {[%emt 00:00:49]} 37. f4 {[%clk
00:01:41]} {[%emt 00:01:11]} gxf4 {[%clk 00:23:09]} {[%emt 00:01:41]} 38. exf4
{[%clk 00:01:33]} {[%emt 00:00:38]} Bc5+ {[%clk 00:22:33]} {[%emt 00:01:05]} 39.
Kf1 {[%clk 00:01:16]} {[%emt 00:00:47]} Rf8 {[%clk 00:22:01]} {[%emt 00:01:03]}
40. Re1 {[%clk 00:00:34]} {[%emt 00:01:13]} e4 {[%clk 00:15:05]} {[%emt
00:07:26]} 41. b4 {[%clk 00:24:07]} {[%emt 00:06:56]} Bd6 {[%clk 00:42:36]}
{[%emt 00:02:59]} 42. bxa5 {[%clk 00:22:12]} {[%emt 00:02:26]} Ra6 {[%clk
00:42:11]} {[%emt 00:00:55]} 43. Nd4+ {[%clk 00:21:32]} {[%emt 00:01:10]} Ke7
{[%clk 00:42:09]} {[%emt 00:00:33]} 44. Nxb5 {[%clk 00:11:32]} {[%emt
00:10:29]} Bxf4 {[%clk 00:37:33]} {[%emt 00:05:05]} 45. Bxf4 {[%clk 00:11:27]}
{[%emt 00:00:35]} Rxf4+ {[%clk 00:37:59]} {[%emt 00:00:04]} 46. Rf2 {[%clk
00:11:14]} {[%emt 00:00:43]} Rxf2+ {[%clk 00:38:09]} {[%emt 00:00:20]} 47. Kxf2
{[%clk 00:11:43]} {[%emt 00:00:02]} Rxa5 {[%clk 00:38:26]} {[%emt 00:00:14]} 48.
Rb1 {[%clk 00:09:51]} {[%emt 00:02:22]} Ba6 {[%clk 00:37:37]} {[%emt 00:01:19]}
49. Nc7 {[%clk 00:04:56]} {[%emt 00:05:25]} Bc4 {[%clk 00:37:22]} {[%emt
00:00:45]} 50. Rb7 {[%clk 00:04:59]} {[%emt 00:00:26]} Kd6 {[%clk 00:37:16]}
{[%emt 00:00:36]} 51. Ne8+ {[%clk 00:05:04]} {[%emt 00:00:26]} Kc6 {[%clk
00:37:38]} {[%emt 00:00:08]} 52. Rc7+ {[%clk 00:04:21]} {[%emt 00:01:13]} Kb6
{[%clk 00:38:01]} {[%emt 00:00:07]} 53. Ke3 {[%clk 00:03:21]} {[%emt 00:01:30]}
Rxa3 {[%clk 00:36:46]} {[%emt 00:01:45]} 54. Kd4 {[%clk 00:02:43]} {[%emt
00:01:08]} Ra2 {[%clk 00:34:11]} {[%emt 00:03:05]} 55. Rxh7 {[%clk 00:02:20]}
{[%emt 00:00:53]} Rd2+ {[%clk 00:34:29]} {[%emt 00:00:12]} 56. Ke3 {[%clk
00:01:35]} {[%emt 00:01:15]} Rd3+ {[%clk 00:34:48]} {[%emt 00:00:10]} 57. Kf4
{[%clk 00:00:58]} {[%emt 00:01:07]} Rf3+ {[%clk 00:35:00]} {[%emt 00:00:19]} 58.
Kg4 {[%clk 00:00:52]} {[%emt 00:00:36]} Rxc3 {[%clk 00:35:23]} {[%emt
00:00:08]} 59. Re7 {[%clk 00:01:01]} {[%emt 00:00:20]} Kc5 {[%clk 00:30:29]}
{[%emt 00:05:24]} 60. h4 {[%clk 00:00:46]} {[%emt 00:00:46]} Be2+ {[%clk
00:28:57]} {[%emt 00:02:02]} 61. Kf4 {[%clk 00:00:59]} {[%emt 00:00:17]} Rh3
{[%clk 00:29:05]} {[%emt 00:00:23]} 62. Ke5 {[%clk 00:01:11]} {[%emt 00:00:18]}
Bc4 {[%clk 00:29:13]} {[%emt 00:00:22]} 63. Nd6 {[%clk 00:00:48]} {[%emt
00:00:53]} e3 {[%clk 00:29:06]} {[%emt 00:00:38]} 64. Nxc4 {[%clk 00:00:46]}
{[%emt 00:00:32]} Kxc4 {[%clk 00:29:08]} {[%emt 00:00:28]} 65. Kf4 {[%clk
00:00:37]} {[%emt 00:00:39]} d4 {[%clk 00:29:22]} {[%emt 00:00:16]} 66. Kg4
{[%clk 00:00:49]} {[%emt 00:00:18]} Rh1 {[%clk 00:29:47]} {[%emt 00:00:04]} 67.
h5 {[%clk 00:00:40]} {[%emt 00:00:39]} Kd3 {[%clk 00:30:08]} {[%emt 00:00:09]}
0-1

[Event "Amsterdam Science Park 2023"]
[Site "Science Park, Amsterdam, Netherlands"]
[Date "2023.07.18"]
[Round "4.8"]
[White "Manshanden, Nick"]
[Black "Elgersma, Onno"]
[Result "0-1"]
[WhiteElo "2059"]
[BlackElo "2265"]

1. d4 {[%clk 01:30:54]} {[%emt 00:00:05]} Nf6 {[%clk 01:30:43]} {[%emt
00:00:17]} 2. c4 {[%clk 01:31:13]} {[%emt 00:00:11]} e6 {[%clk 01:30:57]}
{[%emt 00:00:16]} 3. Nc3 {[%clk 01:31:35]} {[%emt 00:00:09]} d5 {[%clk
01:27:35]} {[%emt 00:03:52]} 4. cxd5 {[%clk 01:31:15]} {[%emt 00:00:50]} exd5
{[%clk 01:28:01]} {[%emt 00:00:05]} 5. Bg5 {[%clk 01:31:15]} {[%emt 00:00:30]}
c6 {[%clk 01:28:06]} {[%emt 00:00:25]} 6. e3 {[%clk 01:31:33]} {[%emt
00:00:12]} Be7 {[%clk 01:27:32]} {[%emt 00:01:04]} 7. Bd3 {[%clk 01:31:44]}
{[%emt 00:00:19]} O-O {[%clk 01:26:59]} {[%emt 00:01:04]} 8. Nge2 {[%clk
01:30:55]} {[%emt 00:01:19]} Re8 {[%clk 01:26:34]} {[%emt 00:00:54]} 9. O-O
{[%clk 01:20:28]} {[%emt 00:10:57]} a5 {[%clk 01:20:42]} {[%emt 00:06:22]} 10.
Qc2 {[%clk 01:18:28]} {[%emt 00:02:31]} h6 {[%clk 01:19:42]} {[%emt 00:01:30]}
11. Bh4 {[%clk 01:16:42]} {[%emt 00:02:16]} Na6 {[%clk 01:02:53]} {[%emt
00:17:19]} 12. a3 {[%clk 01:15:43]} {[%emt 00:01:29]} Nc7 {[%clk 01:03:01]}
{[%emt 00:00:21]} 13. Rab1 {[%clk 01:06:57]} {[%emt 00:09:16]} Ne6 {[%clk
00:43:36]} {[%emt 00:19:55]} 14. Rfd1 {[%clk 00:53:16]} {[%emt 00:14:11]} Ng5
{[%clk 00:41:54]} {[%emt 00:02:12]} 15. f3 {[%clk 00:40:18]} {[%emt 00:13:29]}
Bd6 {[%clk 00:36:35]} {[%emt 00:05:49]} 16. Bf2 {[%clk 00:38:31]} {[%emt
00:02:16]} Qe7 {[%clk 00:34:34]} {[%emt 00:02:30]} 17. Nf4 {[%clk 00:36:36]}
{[%emt 00:02:26]} b5 {[%clk 00:30:47]} {[%emt 00:04:17]} 18. a4 {[%clk
00:28:34]} {[%emt 00:08:32]} b4 {[%clk 00:29:35]} {[%emt 00:01:42]} 19. Nce2
{[%clk 00:28:41]} {[%emt 00:00:23]} Bd7 {[%clk 00:25:58]} {[%emt 00:04:07]} 20.
b3 {[%clk 00:27:52]} {[%emt 00:01:20]} Rac8 {[%clk 00:25:34]} {[%emt 00:00:53]}
21. Qd2 {[%clk 00:26:20]} {[%emt 00:02:02]} Ne6 {[%clk 00:21:40]} {[%emt
00:04:24]} 22. Re1 {[%clk 00:23:39]} {[%emt 00:03:11]} c5 {[%clk 00:17:48]}
{[%emt 00:04:22]} 23. Nxe6 {[%clk 00:15:24]} {[%emt 00:08:45]} fxe6 {[%clk
00:17:44]} {[%emt 00:00:33]} 24. Bg6 {[%clk 00:14:45]} {[%emt 00:01:10]} Red8
{[%clk 00:17:34]} {[%emt 00:00:40]} 25. dxc5 {[%clk 00:12:49]} {[%emt
00:02:26]} Bxc5 {[%clk 00:17:54]} {[%emt 00:00:09]} 26. Rbc1 {[%clk 00:11:48]}
{[%emt 00:01:31]} e5 {[%clk 00:15:00]} {[%emt 00:03:24]} 27. Ng3 {[%clk
00:08:39]} {[%emt 00:03:39]} Be6 {[%clk 00:12:24]} {[%emt 00:03:05]} 28. Nf5
{[%clk 00:07:22]} {[%emt 00:01:49]} Qd7 {[%clk 00:10:57]} {[%emt 00:01:56]} 29.
g4 {[%clk 00:06:44]} {[%emt 00:01:06]} Bf7 {[%clk 00:08:31]} {[%emt 00:02:57]}
30. Bxf7+ {[%clk 00:06:52]} {[%emt 00:00:22]} Qxf7 {[%clk 00:08:51]} {[%emt
00:00:10]} 31. Qd3 {[%clk 00:05:19]} {[%emt 00:02:03]} Bf8 {[%clk 00:07:58]}
{[%emt 00:01:22]} 32. Qb5 {[%clk 00:04:01]} {[%emt 00:01:49]} e4 {[%clk
00:07:10]} {[%emt 00:01:18]} 33. Qxa5 {[%clk 00:03:20]} {[%emt 00:01:11]} exf3
{[%clk 00:07:26]} {[%emt 00:00:14]} 34. h3 {[%clk 00:03:39]} {[%emt 00:00:11]}
Ne4 {[%clk 00:07:24]} {[%emt 00:00:33]} 35. Qa6 {[%clk 00:01:46]} {[%emt
00:02:22]} Nc3 {[%clk 00:06:31]} {[%emt 00:01:23]} 36. Kh1 {[%clk 00:01:35]}
{[%emt 00:00:42]} h5 {[%clk 00:05:43]} {[%emt 00:01:18]} 37. Rg1 {[%clk
00:00:45]} {[%emt 00:01:19]} hxg4 {[%clk 00:05:17]} {[%emt 00:00:56]} 38. hxg4
{[%clk 00:01:05]} {[%emt 00:00:11]} Ra8 {[%clk 00:04:28]} {[%emt 00:01:19]} 39.
Qf1 {[%clk 00:00:50]} {[%emt 00:00:44]} Ne2 {[%clk 00:04:50]} {[%emt 00:00:08]}
40. Rg3 {[%clk 00:00:58]} {[%emt 00:00:23]} Nxc1 {[%clk 00:03:08]} {[%emt
00:02:12]} 41. Qxc1 {[%clk 00:00:34]} {[%emt 00:00:54]} Rac8 {[%clk 00:26:24]}
{[%emt 00:07:14]} 42. Qd1 {[%clk 00:28:21]} {[%emt 00:02:43]} Qe6 {[%clk
00:22:33]} {[%emt 00:04:21]} 43. Rxf3 {[%clk 00:24:53]} {[%emt 00:03:57]} Qe4
{[%clk 00:21:53]} {[%emt 00:01:10]} 44. Ng3 {[%clk 00:21:05]} {[%emt 00:04:19]}
Rc1 {[%clk 00:21:41]} {[%emt 00:00:41]} 0-1

[Event "Amsterdam Science Park 2023"]
[Site "Science Park, Amsterdam, Netherlands"]
[Date "2023.07.18"]
[Round "4.9"]
[White "Wunnink, Michael"]
[Black "Emans, Job"]
[Result "1-0"]
[WhiteElo "2252"]
[BlackElo "2059"]

1. d4 {[%clk 01:30:57]} {[%emt 00:00:02]} Nf6 {[%clk 01:30:52]} {[%emt
00:00:08]} 2. c4 {[%clk 01:31:18]} {[%emt 00:00:08]} e6 {[%clk 01:31:16]}
{[%emt 00:00:07]} 3. Nf3 {[%clk 01:31:36]} {[%emt 00:00:12]} d5 {[%clk
01:31:13]} {[%emt 00:00:33]} 4. Nc3 {[%clk 01:30:44]} {[%emt 00:01:21]} Be7
{[%clk 01:31:11]} {[%emt 00:00:33]} 5. Bf4 {[%clk 01:30:22]} {[%emt 00:00:52]}
O-O {[%clk 01:26:48]} {[%emt 00:04:53]} 6. e3 {[%clk 01:30:30]} {[%emt
00:00:23]} a6 {[%clk 01:21:56]} {[%emt 00:05:22]} 7. c5 {[%clk 01:29:38]}
{[%emt 00:01:20]} Nc6 {[%clk 01:11:49]} {[%emt 00:10:38]} 8. h3 {[%clk
01:24:56]} {[%emt 00:05:12]} b6 {[%clk 01:04:12]} {[%emt 00:08:08]} 9. cxb6
{[%clk 01:23:39]} {[%emt 00:01:46]} cxb6 {[%clk 01:04:32]} {[%emt 00:00:10]} 10.
Bd3 {[%clk 01:22:38]} {[%emt 00:01:31]} b5 {[%clk 00:57:55]} {[%emt 00:07:08]}
11. O-O {[%clk 01:16:56]} {[%emt 00:06:10]} Bb7 {[%clk 00:57:48]} {[%emt
00:00:38]} 12. Qe2 {[%clk 01:12:02]} {[%emt 00:05:24]} Rc8 {[%clk 00:48:43]}
{[%emt 00:09:35]} 13. a4 {[%clk 01:05:05]} {[%emt 00:07:26]} b4 {[%clk
00:44:08]} {[%emt 00:05:05]} 14. Nb1 {[%clk 01:02:23]} {[%emt 00:03:11]} Na5
{[%clk 00:43:52]} {[%emt 00:00:48]} 15. Nbd2 {[%clk 01:01:48]} {[%emt
00:01:04]} Ne4 {[%clk 00:38:12]} {[%emt 00:06:10]} 16. Rac1 {[%clk 00:31:55]}
{[%emt 00:30:22]} Nxd2 {[%clk 00:19:30]} {[%emt 00:19:13]} 17. Nxd2 {[%clk
00:29:20]} {[%emt 00:03:04]} Qd7 {[%clk 00:18:49]} {[%emt 00:01:11]} 18. Bxa6
{[%clk 00:26:42]} {[%emt 00:03:08]} Rxc1 {[%clk 00:09:03]} {[%emt 00:10:16]} 19.
Rxc1 {[%clk 00:27:04]} {[%emt 00:00:08]} Qxa4 {[%clk 00:09:20]} {[%emt
00:00:14]} 20. Bxb7 {[%clk 00:26:01]} {[%emt 00:01:33]} Nxb7 {[%clk 00:09:45]}
{[%emt 00:00:05]} 21. Rc7 {[%clk 00:25:23]} {[%emt 00:01:06]} 1-0

[Event "Amsterdam Science Park 2023"]
[Site "Science Park, Amsterdam, Netherlands"]
[Date "2023.07.18"]
[Round "4.10"]
[White "Hu, Yu A."]
[Black "Lammens, Tim"]
[Result "1-0"]
[WhiteElo "2056"]
[BlackElo "2248"]

1. e4 {[%clk 01:30:57]} {[%emt 00:00:02]} c6 {[%clk 01:22:43]} {[%emt
00:08:17]} 2. d4 {[%clk 01:31:01]} {[%emt 00:00:25]} d5 {[%clk 01:23:08]}
{[%emt 00:00:06]} 3. Nd2 {[%clk 01:31:06]} {[%emt 00:00:24]} dxe4 {[%clk
01:23:32]} {[%emt 00:00:07]} 4. Nxe4 {[%clk 01:31:29]} {[%emt 00:00:06]} Nf6
{[%clk 01:23:51]} {[%emt 00:00:11]} 5. Nxf6+ {[%clk 01:31:18]} {[%emt
00:00:41]} exf6 {[%clk 01:24:19]} {[%emt 00:00:01]} 6. c3 {[%clk 01:31:30]}
{[%emt 00:00:18]} Bd6 {[%clk 01:24:42]} {[%emt 00:00:07]} 7. Bd3 {[%clk
01:31:33]} {[%emt 00:00:27]} O-O {[%clk 01:25:04]} {[%emt 00:00:09]} 8. Qc2
{[%clk 01:31:39]} {[%emt 00:00:23]} Re8+ {[%clk 01:25:28]} {[%emt 00:00:06]} 9.
Ne2 {[%clk 01:31:54]} {[%emt 00:00:15]} h5 {[%clk 01:25:50]} {[%emt 00:00:08]}
10. O-O {[%clk 01:32:07]} {[%emt 00:00:17]} h4 {[%clk 01:26:09]} {[%emt
00:00:11]} 11. h3 {[%clk 01:32:11]} {[%emt 00:00:26]} Nd7 {[%clk 01:26:25]}
{[%emt 00:00:15]} 12. Bd2 {[%clk 01:31:48]} {[%emt 00:00:52]} Nf8 {[%clk
01:26:32]} {[%emt 00:00:23]} 13. Rae1 {[%clk 01:31:57]} {[%emt 00:00:21]} Bd7
{[%clk 01:25:20]} {[%emt 00:01:42]} 14. c4 {[%clk 01:22:13]} {[%emt 00:10:14]}
g6 {[%clk 01:22:21]} {[%emt 00:03:30]} 15. Nf4 {[%clk 01:12:57]} {[%emt
00:09:46]} f5 {[%clk 01:03:50]} {[%emt 00:19:00]} 16. d5 {[%clk 00:35:49]}
{[%emt 00:37:38]} Qf6 {[%clk 01:00:34]} {[%emt 00:03:46]} 17. dxc6 {[%clk
00:31:10]} {[%emt 00:05:09]} Bxc6 {[%clk 00:43:46]} {[%emt 00:17:18]} 18. Nd5
{[%clk 00:30:42]} {[%emt 00:00:58]} Bxd5 {[%clk 00:44:07]} {[%emt 00:00:09]} 19.
cxd5 {[%clk 00:31:06]} {[%emt 00:00:05]} Rac8 {[%clk 00:34:40]} {[%emt
00:09:56]} 20. Bc3 {[%clk 00:28:39]} {[%emt 00:02:57]} Qg5 {[%clk 00:34:08]}
{[%emt 00:01:02]} 21. Qa4 {[%clk 00:28:43]} {[%emt 00:00:27]} Qf4 {[%clk
00:15:26]} {[%emt 00:19:12]} 22. Qxf4 {[%clk 00:29:01]} {[%emt 00:00:12]} Bxf4
{[%clk 00:15:55]} 23. Rxe8 {[%clk 00:21:34]} {[%emt 00:07:57]} Rxe8 {[%clk
00:16:24]} {[%emt 00:00:01]} 24. Bb5 {[%clk 00:21:12]} {[%emt 00:00:51]} Rc8
{[%clk 00:10:55]} {[%emt 00:05:59]} 25. Rd1 {[%clk 00:18:31]} {[%emt 00:03:11]}
Bd6 {[%clk 00:08:54]} {[%emt 00:02:32]} 26. Rd4 {[%clk 00:14:03]} {[%emt
00:04:57]} Be5 {[%clk 00:03:35]} {[%emt 00:05:49]} 27. Rc4 {[%clk 00:13:21]}
{[%emt 00:01:13]} Rxc4 {[%clk 00:03:10]} {[%emt 00:00:56]} 28. Bxc4 {[%clk
00:13:45]} {[%emt 00:00:05]} Bxc3 {[%clk 00:03:37]} {[%emt 00:00:03]} 29. bxc3
{[%clk 00:14:07]} {[%emt 00:00:07]} Kg7 {[%clk 00:02:20]} {[%emt 00:01:48]} 30.
f4 {[%clk 00:13:55]} {[%emt 00:00:42]} Kf6 {[%clk 00:02:34]} {[%emt 00:00:16]}
31. Kf2 {[%clk 00:14:08]} {[%emt 00:00:17]} Nd7 {[%clk 00:02:27]} {[%emt
00:00:37]} 32. d6 {[%clk 00:11:27]} {[%emt 00:03:11]} a5 {[%clk 00:00:35]}
{[%emt 00:02:22]} 33. Bd5 {[%clk 00:06:42]} {[%emt 00:05:15]} Nb6 {[%clk
00:00:34]} {[%emt 00:00:32]} 34. c4 {[%clk 00:07:02]} {[%emt 00:00:09]} Nxd5
{[%clk 00:00:31]} {[%emt 00:00:33]} 35. cxd5 {[%clk 00:07:26]} {[%emt
00:00:06]} b5 {[%clk 00:00:53]} {[%emt 00:00:08]} 36. Ke3 {[%clk 00:07:48]}
{[%emt 00:00:07]} a4 {[%clk 00:00:35]} {[%emt 00:00:48]} 37. Kd4 {[%clk
00:07:10]} {[%emt 00:01:07]} b4 {[%clk 00:00:56]} {[%emt 00:00:09]} 38. Kc4
{[%clk 00:07:26]} {[%emt 00:00:14]} b3 {[%clk 00:01:19]} {[%emt 00:00:06]} 39.
axb3 {[%clk 00:07:40]} {[%emt 00:00:17]} a3 {[%clk 00:01:44]} {[%emt 00:00:05]}
40. Kc3 {[%clk 00:08:07]} {[%emt 00:00:03]} 1-0